000 00276nam a22001217a 4500
003 SGT
082 _a150
_bC17G
100 _aGLODDING, SAMUEL T.
245 _aCOUNSELLING A COMPREHENSIVE PROFESSION
250 _a7TH
260 _aINDIA
_bPERSON
_c2018
942 _2ddc
_cBK
_02
999 _c15085
_d15085